Policies and strategies for tribal development (Record no. 441220)

000 -LEADER
fixed length control field 00482cam a22001577a 4500
008 - FIXED-LENGTH DATA ELEMENTS--GENERAL INFORMATION
fixed length control field 180718b2004 xxu||||| |||| 00| 0 eng d
020 ## - INTERNATIONAL STANDARD BOOK NUMBER
International Standard Book Number 8170338646
082 ## - DEWEY DECIMAL CLASSIFICATION NUMBER
Classification number BA27x54 H763p
100 ## - MAIN ENTRY--PERSONAL NAME
Personal name Hooja, Meenakshi
245 ## - TITLE STATEMENT
Title Policies and strategies for tribal development
Statement of responsibility, etc. by Meenakshi Hooja
260 ## - PUBLICATION, DISTRIBUTION, ETC.
Place of publication, distribution, etc. Jaipur
Name of publisher, distributor, etc. Rawat
Date of publication, distribution, etc. 2004
300 ## - PHYSICAL DESCRIPTION
Extent 189p.
650 ## - SUBJECT ADDED ENTRY--TOPICAL TERM
Topical term or geographic name entry element Public health --India
650 ## - SUBJECT ADDED ENTRY--TOPICAL TERM
Topical term or geographic name entry element Tribes --India --Economic conditions
650 ## - SUBJECT ADDED ENTRY--TOPICAL TERM
Topical term or geographic name entry element Tribes --India --Social conditions
Holdings
Withdrawn status Lost status Damaged status Not for loan Permanent Location Current Location Date acquired Full call number Barcode Date last seen Price effective from Koha item type
        Indian Institute of Public Administration Indian Institute of Public Administration 2011-01-05 BA27x54 H763p 84260 2018-07-21 2018-07-21 Book

Powered by Koha